00698nam a2200145 a 4500001001000000003000900010005001700019008004100036040002500077082002000102110006300122245029500185260005200480300002000532000033399DO-SdBNP20210630154025.0091124s1952 dr c 000 0 spa d aDO-SdBNPbspacBNPHU aRD865.44bB171d2 aRepública Dominicana.bPresidente (1966-1978 : Balaguer)10aDiscurso pronunciado por Dr. Joaquín Balaguer secretario de Estado de Educación y Bellas Artes al inagural el seminario nacional de alfabetizacion el día 16 de diciembre de 1952 en el Auditorium del Liceo de Educación Intermedia Estados Unidos de Norte América de Ciudad Trujillo. aCiudad Trujillo :bImpresora Dominicana,c1952. a32 p. ;c23 cm.